Эколого-экономические аспекты устойчивого развития землеустройства на водосборных урбанизированных территориях; Перспективы развития фундаментальных наук; Т. 5 : Экономика и управление
| Parent link: | Перспективы развития фундаментальных наук=Prospects of Fundamental Sciences Development: сборник научных трудов XV Международной конференции студентов, аспирантов и молодых ученых, г. Томск, 24-27 апреля 2018 г./ Национальный исследовательский Томский политехнический университет (ТПУ) ; под ред. И. А. Курзиной, Г. А. Вороновой.— , 2018 Т. 5 : Экономика и управление.— 2018.— [С. 198-200] |
|---|---|
| Autore principale: | |
| Ente Autore: | |
| Altri autori: | |
| Riassunto: | Заглавие с экрана The studies is the transformation of the conditions of the catchment area during the development of new territories and the increase in anthropogenic load within the sanitary protection zone of the Tomsk underground water intake have been considered. A new integrated approach to the organization of rational land management and water use for sustainable development of the territories based on a balanced consideration of environmental, economic, and other factors was proposed. |
| Lingua: | russo |
| Pubblicazione: |
2018
|
| Soggetti: | |
| Accesso online: | http://earchive.tpu.ru/handle/11683/50933 |
| Natura: | Elettronico Capitolo di libro |
| KOHA link: | https://koha.lib.tpu.ru/cgi-bin/koha/opac-detail.pl?biblionumber=627694 |
MARC
| LEADER | 00000naa2a2200000 4500 | ||
|---|---|---|---|
| 001 | 627694 | ||
| 005 | 20231228132426.0 | ||
| 035 | |a (RuTPU)RU\TPU\conf\27669 | ||
| 035 | |a RU\TPU\conf\27668 | ||
| 090 | |a 627694 | ||
| 100 | |a 20180921d2018 k y0rusy50 ca | ||
| 101 | 0 | |a rus | |
| 102 | |a RU | ||
| 105 | |a y z 100zy | ||
| 135 | |a drcn ---uucaa | ||
| 181 | 0 | |a i | |
| 182 | 0 | |a b | |
| 200 | 1 | |a Эколого-экономические аспекты устойчивого развития землеустройства на водосборных урбанизированных территориях |d Ecological and economic aspects of sustainable development of land management in drainage urbanized territories |f Л. Н. Чилингер |g науч. рук. В. К. Попов | |
| 203 | |a Текст |c электронный | ||
| 300 | |a Заглавие с экрана | ||
| 320 | |a [Библиогр.: с. 200 (4 назв.)] | ||
| 330 | |a The studies is the transformation of the conditions of the catchment area during the development of new territories and the increase in anthropogenic load within the sanitary protection zone of the Tomsk underground water intake have been considered. A new integrated approach to the organization of rational land management and water use for sustainable development of the territories based on a balanced consideration of environmental, economic, and other factors was proposed. | ||
| 461 | 1 | |0 (RuTPU)RU\TPU\conf\26928 |t Перспективы развития фундаментальных наук |l Prospects of Fundamental Sciences Development |o сборник научных трудов XV Международной конференции студентов, аспирантов и молодых ученых, г. Томск, 24-27 апреля 2018 г. |o в 7 т. |f Национальный исследовательский Томский политехнический университет (ТПУ) ; под ред. И. А. Курзиной, Г. А. Вороновой |d 2018 | |
| 463 | 1 | |0 (RuTPU)RU\TPU\conf\26933 |t Т. 5 : Экономика и управление |v [С. 198-200] |d 2018 | |
| 510 | 1 | |a Ecological and economic aspects of sustainable development of land management in drainage urbanized territories |z eng | |
| 610 | 1 | |a электронный ресурс | |
| 610 | 1 | |a труды учёных ТПУ | |
| 610 | 1 | |a эколого-экономические аспекты | |
| 610 | 1 | |a устойчивое развитие | |
| 610 | 1 | |a землеустройство | |
| 610 | 1 | |a водосборные территории | |
| 610 | 1 | |a урбанизированные территории | |
| 610 | 1 | |a антропогенные нагрузки | |
| 610 | 1 | |a водопользование | |
| 700 | 1 | |a Чилингер |b Л. Н. |c геолог |c старший преподаватель Томского политехнического университета, кандидат технических наук |f 1993- |g Лилия Наримановна |3 (RuTPU)RU\TPU\pers\41758 |9 21430 | |
| 702 | 1 | |a Попов |b В. К. |c геолог |c профессор Томского политехнического университета, доктор геолого-минералогических наук |f 1945- |g Виктор Константинович |4 727 | |
| 712 | 0 | 2 | |a Национальный исследовательский Томский политехнический университет |b Инженерная школа природных ресурсов |b Отделение геологии |3 (RuTPU)RU\TPU\col\23542 |
| 801 | 2 | |a RU |b 63413507 |c 20181005 |g RCR | |
| 856 | 4 | |u http://earchive.tpu.ru/handle/11683/50933 | |
| 942 | |c BK | ||